000
00283nam a2200121Ia 4500
008
190216s9999||||xx |||||||||||||| ||und||
100
_a
Brown J R
245
0
_a
Shakespeare And His Comedies
260
_b
Methuen & Co
_c
1968
300
_a
253
650
_a
English Drama
942
_c
BK
999
_c
12187
_d
12187